000 00671nam a2200193Ia 4500
001 21944
003 GE_BSU
008 181216s||||||||xx |||||||||||||| ||und||
040 _cGE_BSU
245 _aРеферативный журнал. Электронное издание. 13Б. Математический анализ №10 . 2017
260 _aМосква
260 _c2017
300 _acd
653 _acd
653 _aМатематика
653 _aРеферативный журнал. Электронное издание. 13Б. Математический анализ №10 . 2017
653 _aმათემატიკა
942 _cCF
999 _c54875
_d54875